| 000 | 00437nam a22001577a 4500 | ||
|---|---|---|---|
| 003 | OSt | ||
| 008 | 240828b |||||||| |||| 00| 0 eng d | ||
| 020 | _a9788119936328 | ||
| 082 |
_a934 _bINI |
||
| 100 | _aCHATTERJEE, Roma | ||
| 245 | _aIndia: society, religion and literature in ancient and medieval periods | ||
| 260 |
_aDelhi: _bMIABGI, _c1981. |
||
| 300 | _axiii,38466p. | ||
| 700 | _aPublication Division MIABGI, | ||
| 942 |
_2ddc _cBK |
||
| 999 |
_c12901 _d12901 |
||